000 01070nam a2200289 a 4500
001 BRCA_6471
005 20190320205452.0
008 240911s1944----nyua######---#000-0#eng-#
041 _aeng
044 _anyu
050 4 _aNK4340
_b.F76 3 1944
100 1 _aFrothingham, Alice Wilson
_916155
245 1 0 _aTalavera pottery
_bwith a catalogue of the collection of the Hispanic Society of America
_cAlice Wilson Frothingham.
260 _aNueva York
_bOrder of the Trustees
_c1944
300 _axvii, 191 p.
_bil.
_c23 cm.
440 0 _aHispanic notes & monographs: essays, studies, and brief biographies issued by the Hispanic Society of America
_pCatalogue series
_914712
500 _aIncluye índice alfabético
500 _aEjemplar igual a M71 y M79
500 _a31-57 (3157)
504 _aBibliografía: p. 184-185
610 2 4 _aHispanic Society of America
_vCatálogos
_916156
650 1 4 _aTalavera, Cerámica de
_97239
650 1 4 _aCerámica española
_91422
650 1 4 _aGalerías y museos
_zEstados Unidos
_97437
902 _aGFM
942 _2lcc
_cB
999 _c6155
_d6155